Guess the Taylor Swift song no hints #47 - Statistics

General Stats
  • This quiz has been taken 50 times
  • The average score is 330 of 439
Answer Stats
Answer % Correct
I
100%
you
100%
You
100%
(You
100%
an
97%
me
97%
the
94%
And
91%
and
91%
my
91%
when
91%
your
91%
In
88%
in
88%
I'm
85%
i'm
85%
is
85%
it
85%
of
85%
This
85%
this
85%
(this
85%
this)
85%
to
85%
all
82%
All
82%
No
82%
no
82%
say
82%
they
82%
go
79%
like
79%
wear
79%
at
76%
for
76%
I've
76%
time
76%
why
76%
why)
76%
are
74%
it's
74%
Just
74%
mine
74%
not
74%
was
74%
been
71%
But
71%
got
71%
last
71%
Last
71%
eye
68%
here
68%
there
65%
how
62%
back
59%
blink
59%
heart
59%
heart)
59%
Oh
59%
oh
59%
Put
59%
(put
59%
tell
59%
those
59%
times
59%
along
56%
asking
56%
name
56%
right
56%
top
56%
wrong
56%
break
53%
everything
53%
Everything
53%
eyes
53%
into
53%
leave
53%
list
53%
list)
53%
watch
53%
again
50%
door
50%
let
50%
alone
47%
best
47%
come
47%
feels
47%
apology
44%
before
44%
home
44%
hurt
44%
room
44%
won't
44%
anymore
41%
better
41%
lead
41%
open
41%
reasons
41%
sure
41%
roads
38%
breaking
35%
myself
35%
Find
32%
find
32%
yourself
32%
imagine
29%
past
29%
hide
26%
nowhere
24%
Dissapear
21%
aching
15%
Run
15%
fast
3%
No matching quizzes found
Score Distribution
Percent of People with Each Score
Percentile by Number Answered
Your Score History
You have not taken this quiz